[Event "Cavarzere op 14th"]
[Site "Cavarzere"]
[Date "2011.10.16"]
[Round "2.17"]
[White "Lodici, Lorenzo"]
[Black "Marchetti, Riccardo"]
[Result "1-0"]
[WhiteElo "1723"]
[BlackElo "1449"]
[PlyCount "51"]
[EventDate "2011.10.15"]
[EventType "swiss"]
[EventRounds "6"]
[EventCountry "ITA"]
[SourceTitle "EXT 2023"]
[Source "ChessBase"]
[SourceDate "2022.10.05"]
[SourceVersion "1"]
[SourceVersionDate "2022.10.05"]
[SourceQuality "1"]

1. d4 Nf6 2. Nf3 d5 3. e3 e6 4. Bd3 Nbd7 5. b3 c5 6. 0-0 a6 7. a4 cxd4 8. exd4 Qc7 9. Bb2 Nb6 10. Ne5 Bd6 11. Qe2 Nbd7 12. f4 h6 13. Kh1 b6 14. f5 0-0 15. fxe6 fxe6 16. Nd2 Bb7 17. Rae1 Rfe8 18. c4 Ra7 19. Bg6 Re7 20. Bf7+ Rxf7 21. Nxf7 Kxf7 22. Qxe6+ Kg6 23. Qf5+ Kf7 24. cxd5 Bxh2 25. Qh5+ Kf8 26. Re8# 1-0

[Event "Chioggia op-B 04th"]
[Site "Chioggia"]
[Date "2009.10.09"]
[Round "1"]
[White "Aprile, Martino"]
[Black "Marchetti, Riccardo"]
[Result "1/2-1/2"]
[WhiteElo "1641"]
[BlackElo "1440"]
[PlyCount "58"]
[EventDate "2009.10.09"]
[EventType "swiss"]
[EventRounds "5"]
[EventCountry "ITA"]
[SourceTitle "EXT 2022"]
[Source "ChessBase"]
[SourceDate "2021.10.06"]
[SourceVersion "1"]
[SourceVersionDate "2021.10.06"]
[SourceQuality "1"]

1. e4 e6 2. d4 d5 3. exd5 exd5 4. Bd3 Nc6 5. Nf3 Bg4 6. Be3 Qf6 7. Nbd2 a6 8. c3 Bd6 9. 0-0 h6 10. Re1 Nge7 11. Qc2 0-0-0 12. b4 Na7 13. a4 Bxf3 14. Nxf3 g5 15. h3 Rhg8 16. Rab1 h5 17. Bxg5 Rxg5 18. Nxg5 Qxg5 19. Qc1 Qg7 20. Qd1 Rg8 21. Qf3 Qg5 22. Re2 f6 23. Rbe1 b5 24. a5 Rg7 25. Kf1 Kd7 26. Re3 Nac8 27. R3e2 Na7 28. Re3 Nac8 29. R3e2 Na7 1/2-1/2